000 01588nam a22002537a 4500
005 20120628115244.0
010 _aB-456412-416
020 _a9788187981190
_c75.00
035 _aB-456412-416
037 _adpl
_bAllied Pub /Ven
082 _a863.1
100 _aTagore Rabindernath
_949848
245 _aGitanjali song offering /
_cby Rabindernath Tagore
260 _aNew Delhi
_bIndialog Pub
_c2002
270 _aO-22 Lajpat Nagar
_bNew Delhi
300 _avi,103pg
_c20cm
942 _2ddc
_cEN
_mTAG
_h863.1
999 _c68232
_d68232